000 00210nam a22000857a 4500
008 161111b xxu||||| |||| 00| 0 eng d
100 _91129
_aChopra R. k
245 _aArt education
260 _aNew Delhi
_bNCERT
_c1987
999 _c3790
_d3790